000 00771nam a2200253Ia 4500
003 OSt
005 20220925233710.0
006 a|||||r|||| 00| 0
007 ta
008 220923b |||||||| |||| 00| 0 eng d
020 _a8126123672
_c765
037 _b5282, 18/03/2014, RAJKIRAN BOOK AGENCY
_cGeneral Book
040 _aRTL
_cRTL
_beng
041 _2eng
_aeng
082 _aX9(U8):8, P7
100 _aMOHINDER CHAND
_9299263
245 0 _aTravel agency management
_b An introductory text
250 _a2nd
260 _a New Delhi
_bAnmol Publication
_c2007
300 _axvi,299p
_ccm.
650 _aCommerce
942 _hX9(U8):8, P7
_cGB
_2CC
999 _c594339
_d594339